=LDR 00000nam 2200000 4500 =001 INLIS000000000013897 =005 20130612105221 =008 ***********************************Ind** =035 ##$$0010-061300000013897 =041 ##$$a Ind =082 ##$$a 633.88 =090 ##$$a 633.88, Ruh c =100 ##$$a Ruhnayat, Agus =245 ##$$a Cincau hitam, Tanaman obat penyembuh darah tinggi,radang usus,panas dalam dan disentri, Ir.Agus Ruhnayat, Drs.Taryono =260 ##$$a 2003 $b Jakarta =300 ##$$a 56 hlm, Ilus, 21 cm =650 ##$$a Cincau ( tanaman obat ) =850 ##$$a NBPNMAT =990 ##$$a 0001/BPAP-NTB/20142015 =990 ##$$a 2090100503/BPAP-NTB/2015 =990 ##$$a 21601824/BPAP-NTB/2017